00298nam a22000977a 4500003000400000082001900004100004100023245007700064260005100141300000800192SGT a891.4309bA78M aमलकानी, के. आर.  aआधी रात कोई दस्तक देर रहा है bप्रभात प्रकाशनc1978 a150